00423nam a22001697a 450000500170000000800410001701000140005802000150007202000170008703500130010408200120011710000170012924500510014626000320019726000090022930000150023820081031151652.0081031t xxu||||| |||| 00| 0 eng d aENG-84387 a8131301273 c200.00 (pbk) aEN-67920 aN / SIN aSinha, Nishi aBureaucrats life:ba fantasy /cby Nishi Sinha aNew DelhibA P H Publishing c2007 a252pc22cm